music trivia: 1979 songs and artists - Statistics

General Stats
  • This quiz has been taken 370 times
    217 since last reset
  • The average score is 9 of 15
Answer Stats
this song from 1979 is by... ...this group or artist from 1979 % Correct
Sultans of Swing Dire Straits
91%
London Calling The Clash
85%
In the Navy Village People
81%
My Sharona The Knack
75%
We Are Family Sister Sledge
74%
I Was Made for Loving You Kiss
66%
Brass in Pocket The Pretenders
65%
Boogie Wonderland Earth, Wind and Fire feat. The Emotions
59%
The Devil Went Down to Georgia The Charlie Daniels Band
55%
Ring My Bell Anita Ward
51%
When You're in Love with a Beautiful Woman Dr. Hook
50%
Reunited Peaches and Herb
42%
Don't Do Me Like That Tom Petty and the Heartbreakers
40%
Mama Can't Buy You Love Elton John
29%
Chuck E.'s in Love Rickie Lee Jones
23%
No matching quizzes found
Score Distribution
Percent of People with Each Score
Percentile by Number Answered
Your Score History
You have not taken this quiz since the last reset